000 00992cam a22003253a 4500
001 472
003 PGUSA
005 20140828082948.0
008 960301s1996||||xxu|||||s|||||000 1 eng d
040 _aPGUSA
_beng
042 _adc
050 4 _aPS
100 1 _aChesnutt, Charles W.
_q(Charles Waddell),
_d1858-1932
245 1 4 _aThe House Behind the Cedars
_h[electronic resource] /
_cCharles W. Chesnutt
260 _bProject Gutenberg,
_c1996
506 _aPublic domain in the USA.
516 _aElectronic text
653 _aDomestic fiction
653 _aPassing (Identity) -- Fiction
653 _aSouthern States -- Fiction
653 _aAfrican American women -- Fiction
653 _aRacism -- Fiction
653 _aPsychological fiction
653 _aRacially mixed people -- Fiction
653 _aAfrican Americans -- Fiction
653 _aDidactic fiction
830 0 _aProject Gutenberg
_v472
856 4 0 _uhttp://www.gutenberg.org/ebooks/472
942 _cEB
999 _c229823
_d229823